| 000 | 00583nam a22002057a 4500 | ||
|---|---|---|---|
| 003 | koha_MIRAKIL | ||
| 005 | 20231213100301.0 | ||
| 008 | 231213b |||||||| |||| 00| 0 ||| d | ||
| 020 | _b978-0-399-16534-4 (board) | ||
| 040 |
_aTR-IsEVY _btur _cTR-IsEVY |
||
| 082 | _a420 STE/T | ||
| 100 | _aStein, David Ezra, | ||
| 245 | 4 | _aThe nice book | |
| 250 | _aFirst board book edition. | ||
| 260 |
_bNancy Paulsen Books, an imprint of Penguin Young Readers Group, _c2013 |
||
| 300 | _a32 unnumbered pages | ||
| 650 | _aAnimals | ||
| 650 | _aAnimals -- Fiction. | ||
| 942 |
_2ddc _cBK |
||
| 999 |
_c17480 _d17480 |
||